Statistics for UFC FIGHTER BY PICTURE #3

Click here to take the quiz!

General Stats

  • This quiz has been taken 442 times
  • The average score is 10 of 16

Answer Stats

Answer% Correct
Dustin Poirier
97%
Michael Bisping
85%
Ciryl Gane
83%
Jamahal Hill
82%
Petr Yan
80%
Anthony Johnson
66%
Dominick Cruz
65%
Eddie Alvarez
65%
Donald Cerrone
62%
Jared Cannonier
62%
Jairzinho Rozenstruik
52%
Benson Henderson
41%
Royce Gracie
31%
Johny Hendricks
30%
Pedro Munhoz
29%
Clay Guida
28%

Score Distribution

Percentile by Number Answered

Percent of People with Each Score

Your Score History

You have not taken this quiz